000 00329nam a2200133Ia 4500
008 190216s9999||||xx |||||||||||||| ||und||
100 _aShriver. Df And Atkins.Pw
245 0 _aInorganic Chemistry
250 _a3rd Ed.
260 _bOxford University Press
_c1999
300 _a764
650 _aChemistry-Chemistry
942 _cBK
999 _c2908
_d2908